Bienvenido a nuestro catálago, Biblioteca Universidad Monteávila

Cristalizando la opinión pública (Registro nro. 13255)

Detalles MARC
000 -CABECERA
campo de control de longitud fija 03116nam a2200253 4500
003 - IDENTIFICADOR DEL NÚMERO DE CONTROL
campo de control vecauma
005 - FECHA Y HORA DE LA ÚLTIMA TRANSACCIÓN
campo de control 20260313143940.0
007 - CAMPO FIJO DE DESCRIPCIÓN FÍSICA--INFORMACIÓN GENERAL
campo de control de longitud fija ta
008 - DATOS DE LONGITUD FIJA--INFORMACIÓN GENERAL
campo de control de longitud fija 260313b ve ||||| |||| 00| 0 spa d
020 ## - ISBN
Número Internacional Estándar del Libro 8480882131
040 ## - FUENTE DE LA CATALOGACIÓN
Centro catalogador/agencia de origen vecauma
Lengua de catalogación spa
Centro/agencia transcriptor vecauma
Centro/agencia modificador vecauma
Normas de descripción rda
041 ## - CÓDIGO DE LENGUA
Código de lengua del recurso spa
100 1# - AUTOR PERSONAL
Término indicativo de función/relación autor
245 1# - MENCIÓN DE TÍTULO
Título Cristalizando la opinión pública
Mención de responsabilidad, etc. /Dr. Edward L. Bernays
264 ## - PRODUCCIÓN, PUBLICACIÓN, DISTRIBUCIÓN, FABRICACIÓN Y COPYRIGHT
Producción, publicación, distribución, fabricación y copyright España:
Nombre del de productor, editor, distribuidor, fabricante Gestión 2000;
Fecha de producción, publicación, distribución, fabricación o copyright 1923.
300 ## - DESCRIPCIÓN FÍSICA
Extensión 170 páginas.
336 ## - TIPO DE CONTENIDO
Término de tipo de contenido texto
Código de tipo de contenido txt
Fuente rdacontenido
337 ## - TIPO DE MEDIO
Nombre/término del tipo de medio no mediado
Código del tipo de medio n
Fuente rdamedio
338 ## - TIPO DE SOPORTE
Nombre/término del tipo de soporte volumen
Código del tipo de soporte nc
Fuente rdasoporte
505 0# - NOTA DE CONTENIDO CON FORMATO
Nota de contenido con formato Objetivo y funciones<br/>El objetivo del asesor en Relaciones Públicas /<br/>El asesor en Relaciones Públicas; la creciente importancia de la profesión /<br/>La función de un defensor especial /<br/><br/>El grupo y el conformismo<br/>¿Qué constituye la opinión pública? /<br/>¿Se puede persuadir a la Opinión Pública? /<br/>La interacción de la opinión pública con las fuerzas que contribuyen a crearla /<br/>El poder de las fuerzas interactivas que crean la opinión pública /<br/>¿Es necesaria la comprensión de los fundamentos de la motivación pública para el trabajo del asesor en Relaciones Públicas? /<br/>El grupo y el conformismo ¿son los mecanismos básicos del cambio público? /<br/>La aplicación de estos principios /<br/><br/>Técnica y método<br/>El público sólo puede ser alcanzado a través de los medios de comunicación establecidos /<br/>Las formaciones de grupos superpuestos, el cambio continuo de los grupos, las condiciones cambiantes y la flexibilidad de la naturaleza humana constituyen ayudas para el asesor de Relaciones Públicas /<br/>Un borrador sobre los métodos practicables para modificar el punto de vista de un grupo /<br/><br/>Relaciones éticas<br/>Una consideración sobre las relaciones de la prensa y otros medios de comunicación con el asesor en Relaciones Públicas. /<br/>Sus obligaciones hacia el público como defensor social /
520 3# - SUMARIO, ETC.
Sumario, etc. El Profesor Dr. Edward L. Bernays (1891-1995), fue el pionero mundial de las Relaciones Públicas, hecho que le llevó a ser considerado por las más prestigiosas universidades del mundo con el título de Doctor Honoris Causa. <br/><br/>Fue asesor personal en materia de Relaciones Públicas de varios Presidentes de los Estados Unidos, desde Calvin Coolidge hasta Dwight D. Eisenhower, y de la propia Casa Blanca, así como de diferentes departamentos del Gobierno de los Estados Unidos, también se incluyen entre sus clientes personajes de la vida pública tales como: Henry Ford, Al Smith, Thomas Edison, Alfred P. Sloan, David Sarnoff, Enrico Caruso, Nijinsky, ballet Diaghilev y muchos otros.<br/><br/>Publicó a lo largo de su vida 16 libros de Relaciones Públicas, contribuyó en 68 libros sobre la misma materia, mediante capítulos escritos por él, fue noticia en el New York Times en 178 ocasiones, escribió cientos de artículos de los que cabe destacar los 280 dedicados a las Relaciones Públicas. Ha sido mencionado en más de 500 libros como pionero mundial de las Relaciones Públicas.
942 #1 - ELEMENTOS DE ENTRADA AGREGADA (KOHA)
Fuente del sistema de clasificación o colocación Library of Congress Classification
Ocultar en OPAC No
Tipo de ítem Koha Libros
Existencias
Estado de retiro Estado de pérdida Fuente del sistema de clasificación o colocación Estado dañado No para préstamo Código de colección Localización permanente Ubicación/localización actual Ubicación en estantería Fecha de adquisición Número de inventario Total de préstamos Código de barras Fecha visto por última vez Precio válido a partir de Tipo de ítem Koha
    Library of Congress Classification     Colección general Biblioteca Universidad Monteávila Biblioteca Universidad Monteávila Colección general 13/03/2026 49755   2026-0387 13/03/2026 13/03/2026 Libros

Copyright @ UMA Library
Universidad Monteávila Caracas, Venezuela

Edif. Sede principal Universidad Monteávila. Av. El Buen Pastor. Boleíta Norte. Caracas. 
Customized by Universidad Monteávila

Con tecnología Koha